000 00683nam a2200229Ia 4500
003 OSt
005 20220923213531.0
006 a|||||r|||| 00| 0
007 ta
008 220922b |||||||| |||| 00| 0 hin d
024 _a162,637
037 _cTextual
040 _aARTS
_cARTS
_bhin
041 _2hin
_ahin
082 _aO152:3M80:15:9, J6 (TTPH)
100 _aटंडन, प्रेमनारायण
245 0 _aगोदान एक अध्ययन
246 _aGodān ek adhyayana
260 _c1956
942 _hO152:3M80:15:9, J6 (TTPH)
_cTEXL
_2CC
999 _c317117
_d317117